|
|
|
|
| LEADER |
00000nab a2200000 a 4500 |
| 001 |
vtls000003723 |
| 003 |
SK-MaSNL |
| 005 |
20260304020408.0 |
| 008 |
131029c1978 xo 0 slo |
| 015 |
|
|
|a SNBRB19rr/mm-uuuuu
|
| 035 |
|
|
|a CL0013816
|
| 040 |
|
|
|a SNKBUCL
|b slo
|c SNKBUCL
|e AACR2
|
| 041 |
0 |
|
|a slo
|
| 044 |
|
|
|a xo
|c SK
|
| 080 |
|
|
|a 792.2
|2 1981
|
| 100 |
1 |
|
|a Kusý, Ivan,
|d 1921-2000
|4 aut
|9 104521
|
| 245 |
1 |
0 |
|a Tajovský, alebo-
|c Ivan Kusý
|
| 500 |
|
|
|a Z rubriky Poznámky
|
| 600 |
1 |
7 |
|a Tajovský, Jozef Gregor,
|d 1874-1940
|2 snkbucl
|9 37212
|
| 650 |
0 |
7 |
|a divadelné inscenácie
|2 snkbucl
|9 3326
|
| 655 |
|
7 |
|a články z novín a časopisov
|2 snkbucl
|9 267496
|
| 655 |
|
7 |
|a články z odboru literárna veda a krásna literatúra
|2 snkbucl
|9 770045
|
| 655 |
|
7 |
|a poznámky
|2 snkbucl
|9 285558
|
| 773 |
0 |
|
|t Slovenské pohľady
|g Roč. 94, č. 6 (1978), s. 151-152
|
| 850 |
|
|
|a Slovenská národná knižnica v Martine
|a MTA001
|
| 852 |
|
|
|a SNK
|b KIS3GCP
|
| 954 |
|
|
|a odborná, vedecká literatúra pôvodná (slovenská)
|2 lita
|
| 958 |
|
|
|a RK
|
| 958 |
|
|
|a LX
|
| 992 |
|
|
|a RBX
|
| 999 |
|
|
|c 2598511
|d 2600441
|